Normal view
MARC view
- تاليف حداد، حسني، م.مشارك مجاعص، سليم
Entry Personal Name
001 - CONTROL NUMBER
- control field: 16155
003 - CONTROL NUMBER IDENTIFIER
- control field: JO-AjAnu
005 - DATE AND TIME OF LATEST TRANSACTION
- control field: 20230606072857.0
008 - FIXED-LENGTH DATA ELEMENTS
- fixed length control field: 230606|| aca||aabn | a|a d
040 ## - CATALOGING SOURCE
- Original cataloging agency: JO-AjAnu
- Transcribing agency: JO-AjAnu
100 ## - HEADING--PERSONAL NAME
- Personal name: تاليف حداد، حسني، م.مشارك مجاعص، سليم
670 ## - SOURCE DATA FOUND
- Source citation: Work cat.: (JO-AjAnu)8293: تاليف حداد، حسني، م.مشارك مجاعص، سليم, author, بعل هداد: دراسة في التاريخ الديني السوري